NLSUI OPAC header image

Valuation practice of immovable properties (Record no. 9169)

MARC details
000 -LEADER
fixed length control field 00412nam a2200157Ia 4500
008 - FIXED-LENGTH DATA ELEMENTS--GENERAL INFORMATION
fixed length control field 160316s1996 xxu||||| |||| 00| 0 eng d
082 ## - DEWEY DECIMAL CLASSIFICATION NUMBER
Classification number 346.043700
Item number GOP
100 ## - MAIN ENTRY--PERSONAL NAME
Personal name Gopinath Rao C H
245 ## - TITLE STATEMENT
Title Valuation practice of immovable properties
250 ## - EDITION STATEMENT
Edition statement
260 ## - PUBLICATION, DISTRIBUTION, ETC.
Place of publication, distribution, etc. Madras
Name of publisher, distributor, etc. Jai Ganesh Offset
Date of publication, distribution, etc. 1996
300 ## - PHYSICAL DESCRIPTION
Extent
Other physical details
Dimensions
365 ## - TRADE PRICE
Price amount 180/-
650 ## - SUBJECT ADDED ENTRY--TOPICAL TERM
Topical term or geographic name entry element 1.Property Law - Immovable property
700 ## - ADDED ENTRY--PERSONAL NAME
Personal name
--
Holdings
Withdrawn status Lost status Damaged status Not for loan Home library Current library Shelving location Date acquired Cost, normal purchase price Total Checkouts Full call number Barcode Date last seen Price effective from Koha item type
        . . Library Compactors 30.05.2017 180.00   346.0437 GOP 9437 30.05.2017 30.05.2017 BOOKs